LEADER 01225nam a2200289 i 4500 001 000000132253 003 CaOOAMICUS 005 20041203000000.0 008 041203s2004 it u000 u ita u 013 $a105196 020 $a88-215-5261-6 040 $aSeMil$bita 100 1 $aManselli, Raoul <1917-1984>.$0(OLS)http://semarc/name/2282 245 12$aI primi cento anni di storia francescana /$cRaoul Manselli ; a cura di Alfonso Marini. 260 $aCinisello Balsamo :$bSan Paolo,$c2004. 300 $aXX, 195 p. ;$c21 cm. 490 0 $aStoria per tutti ;$v5 500 $aDono di mons. Antonio Rimoldi. 650 4$aFrancescanesimo - Storia.$0(OLS)http://semarc/subject/6105 700 1 $aMarini, Alfonso <1949->.$0(OLS)http://semarc/name/22421 830 0$aStoria per tutti ;$v5.$0(OLS)http://semarc/title/16741 850 $aSeMil 852 $aSeMil$W1$xVenegono$y1$m3G I 119$j86170$B86170$CSeMilBibl$Z2$F90260 $81 961 $aOmaggio: Rimoldi mons. Antonio 996 $6020$a88-215-5261-6$9(OLS)http://semarc/number/119240 996 $6245$aI primi cento anni di storia francescana$9(OLS)http://semarc/title/194314 996 $6260$aCinisello Balsamo :$bSan Paolo$9(OLS)http://semarc/publisher/30129 LEADER 01387nam a2200289 i 4500 001 000000078628 003 CaOOAMICUS 005 20170216000000.0 008 170216n it u000 u ita u 013 $a50865 040 $aSeMil$bita 100 1 $aMarcianò, Sergio <1922-2007>.$0(OLS)http://semarc/name/83686 245 13$aLa settimana santa :$bcanti della liturgia ambrosiana /$cSergio Marcianò, Luciano Migliavacca, Luigi Molfino, Terenzio Zardini ; a cura della commissione diocesana di musica sacra. 260 $a[S.l. :$bs.n.,$c19-?] 300 $a34 p. :$bnotazione musicale ;$c34 cm. 500 $aFondo Card. C.M. Martini. 650 4$aSettimana Santa - Liturgia ambrosiana.$0(OLS)http://semarc/subject/17987 650 4$aCanti liturgici - Repertorio.$0(OLS)http://semarc/subject/38894 700 1 $aZardini, Terenzio .$0(OLS)http://semarc/name/42914 700 1 $aMolfino, Luigi.$0(OLS)http://semarc/name/91063 700 1 $aMigliavacca, Luciano .$0(OLS)http://semarc/name/33474 850 $aSeMil 852 $aSeMil$W1$xVenegono$y1$m5D XI 18/9$j44504$B44504$CSeMilBibl$Z2$F46224 $81 941 1 $a4 961 $aLascito: Martini Card. Carlo Maria 996 $6245$aLa settimana santa :$bcanti della liturgia ambrosiana$9(OLS)http://semarc/title/402954 996 $6260$a[S.l. :$bs.n.$9(OLS)http://semarc/publisher/31686